Southville International School and Colleges
Your cart is empty.
  • Cart
  • Lists
    Public lists Eva Luna New books Lux_list list_1
    Your lists Log in to create your own lists
  • Log in to your account
  • Your cookies
  • Search history
Southville International School and Colleges
  • Advanced search
  • Recent comments
  • Most popular
  • Libraries

Log in to your account

Log in with GOOGLE


If you do not have an external account, but do have a local account, you can still log in:

  1. Home
  2. MARC view: Klooster & Allen's integrated accounting for windows /
Normal view MARC view ISBD view

Klooster & Allen's integrated accounting for windows / (Record no. 357204)

[ view plain ]
MARC details
000 -LEADER
fixed length control field 00605nam a2200217Ia 4500
008 - FIXED-LENGTH DATA ELEMENTS--GENERAL INFORMATION
fixed length control field 180523s9999 xx 000 0 und d
020 ## - INTERNATIONAL STANDARD BOOK NUMBER
International Standard Book Number 981-243-474-7
050 ## - LIBRARY OF CONGRESS CALL NUMBER
Classification number MAIN HF 5679
050 ## - LIBRARY OF CONGRESS CALL NUMBER
Item number .K56 2001
100 ## - MAIN ENTRY--PERSONAL NAME
Personal name Klooster, Dale H.
245 #0 - TITLE STATEMENT
Title Klooster & Allen's integrated accounting for windows /
245 #0 - TITLE STATEMENT
Statement of responsibility, etc Dale H. Klooster, Warren W. Allen.
250 ## - EDITION STATEMENT
Edition statement 3rd Edition
260 ## - PUBLICATION, DISTRIBUTION, ETC. (IMPRINT)
Place of publication, distribution, etc Singapore :
260 ## - PUBLICATION, DISTRIBUTION, ETC. (IMPRINT)
Name of publisher, distributor, etc Thomson Learning,
260 ## - PUBLICATION, DISTRIBUTION, ETC. (IMPRINT)
Date of publication, distribution, etc 2001
300 ## - PHYSICAL DESCRIPTION
Extent 601 pages :
300 ## - PHYSICAL DESCRIPTION
Dimensions 25 cm.
500 ## - GENERAL NOTE
General note Includes index.
650 ## - SUBJECT ADDED ENTRY--TOPICAL TERM
Topical term or geographic name as entry element Accounting -- Data processing -- Software.
Holdings
Withdrawn status Lost status Damaged status Home library Current library Shelving location Date acquired Cost, normal purchase price Total Checkouts Full call number Barcode Date last seen Price effective from Koha item type
      South Mansfield College South Mansfield College   06/20/2006 650.00   MAIN HF 5679 .K56 2001 SMC03201 05/23/2018 05/23/2018  

Klooster & Allen's integrated accounting for windows /

APA

Klooster D. H., .Klooster & Allen's integrated accounting for windows. Singapore: .

Chicago

Klooster Dale H, .Klooster & Allen's integrated accounting for windows. Singapore: .

Harvard

Klooster D. H., .Klooster & Allen's integrated accounting for windows. Singapore: .

MLA

Klooster Dale H, .Singapore: . .

  • Place hold
  • Print
  • Cite
  • Add to your cart (remove)
  • Save record
    BIBTEX Dublin Core MARCXML MARC (non-Unicode/MARC-8) MARC (Unicode/UTF-8) MARC (Unicode/UTF-8, Standard) MODS (XML) RIS
  • More searches
    Search for this title in:
    Other Libraries (WorldCat) Other Databases (Google Scholar) Online Stores (Bookfinder.com) Open Library (openlibrary.org)

Exporting to Dublin Core...

SOUTHVILLE LIBRARY

Southville International School and Colleges Library

1281 Tropical Ave. Cor. Luxembourg St., BF Homes International, Las Pinas City

Tel. No. 8256374 / 252358 Loc. 117/146

Powered by Koha